Devine la lightstick de Kpop 2 - Statistiques

Statistiques générales
  • Ce quiz a été pris 513 fois
  • Le résultat moyen est 7 sur 9
Statistiques - réponses
Par images Réponse % Correct
Blackpink
99%
Twice
99%
StrayKids
96%
Exo
95%
NewJeans
88%
Gidle
82%
Ateez
77%
P1harmony
27%
Yena
9%
Aucun quiz correspondant
Distribution des résultats
% des personnes avec chaque résultat
Percentile par nombre de réponses
Votre historique - résultats
Vous n’avez pas pris ce quiz